000
00321nam a2200133Ia 4500
008
220217s9999||||xx |||||||||||||| ||und||
020
_a
81-7808-129-6
082
_a
004.67 BOX
100
_a
Box, Don
245
0
_a
Essential COM
260
_a
Pearson education asia
_b
Delhi
_c
2002
300
_b
440
650
_a
WWW
999
_c
172089
_d
172089